Luật phá sản

Uloženo v:
Podrobná bibliografie
Médium: Kniha
Jazyk:Undetermined
Vydáno: Hà Nội Lao động - Xã hội 2005
Témata:
Tagy: Přidat tag
Žádné tagy, Buďte první, kdo otaguje tento záznam!
Thư viện lưu trữ: Trung tâm Học liệu Trường Đại học Cần Thơ
LEADER 00477nam a2200181Ia 4500
001 CTU_104293
008 210402s9999 xx 000 0 und d
020 |c 6000 
082 |a 346.597078 
082 |b L504 
245 0 |a Luật phá sản 
260 |a Hà Nội 
260 |b Lao động - Xã hội 
260 |c 2005 
650 |a Business failures 
650 |x Law and legislation 
904 |i Minh 
980 |a Trung tâm Học liệu Trường Đại học Cần Thơ